000 00903nam a2200253 a 4500
001 000014930
003 DO-SdBNP
005 20240305082908.0
008 100127s2006 dr abc 001 0 spa d
020 _a9945069004
040 _aDO-SdBNP
_bspa
_cBNPHU
082 4 _a972.9384
_bA526a
_222
100 1 _aMauricio A. , Leonardo
_945446
245 1 0 _aApuntes para la historia de Miches /
_cLeonardo Mauricio Amparo.
260 _aSanto Domingo :
_aConadex,
_c2006.
300 _a204 p. :
_bil., retrs. ;
_c22 cm.
504 _aBibliografía : p. 204
650 4 _aCiudades y pueblos
_zRepública Dominicana
_9784
651 4 _aMiches (República Dominicana)
_xHistoria
_933795
651 4 _aMiches (República Dominicana)
_xVida social y costumbres
_933796
651 4 _aMiches (República Dominicana)
_xPolítica y gobierno
_933797
910 _aValidado. Control de calidad BNPHU
942 _2ddc
_cLBS1
999 _c14510
_d14510